000 01759nam a2200397 c 4500
003 BLK
005 20230719005309.0
008 180408b bul|||||r ||||||| ||bul||
010 _aKNG00063527000
020 _a978-954-375-025-2
_bиздат.: Театър ПАН
040 _aBLK
041 _aBUL
_cBUL
072 7 _2bullib
_aН85
_xДетска художествена литература Н
080 _aБългарска литература
_b821.163.2
_x-93-1
_z821.163.2-93-1
100 1 _aКиров, Радой Цветков
_eпърви автор
_9363728
700 1 _aСтоянова, Десислава
_eподб. и ред.
_9365294
700 _aСпасов, Спас Димитров
_d1975-
_9367219
139 _aЖаба Жабурана
_bЖ 12
245 1 0 _aЖаба Жабурана
_cРадой Цветков Киров; подб. и ред. Десислава Стоянова; худож. Спас Димитров Спасов.
257 _aBGR
260 София
_bТеатър ПАН
_c2011
300 _a10 с.
_bс цв. ил.
_c24 см
380 _aDX
490 1 _aСтихчета за най-малките
_v6
500 _aКор. опис. - Други авт. : М. Ганчев, В. Еленска, А. Жекова, Л. Стефанова, Ив. Жеглов, Л. Милева, Кр. Милетков.
653 _aстихотворения за деца
653 _aлитература за деца
653 _aдетска литература
659 _aН
852 _aЦб 269725
856 4 _qpdf
_u
856 4 _qpdf
_u
942 _cKNG
_n0
_06
944 _aCR
_c10.07.2014
_lCRON CRON
_k
944 _aED
_c27.01.2015
_lф /
_kЛюдмила_Стоянова
999 _c59433
_d59433